000
00257nam a22001097a 4500
999
_c
4491
_d
4491
008
250225b ||||| |||| 00| 0 eng d
020
_a
9781846665585
082
_a
823.914 HOP
100
_a
HOPGOOD,SALLY
_e
AUTHOR
245
_a
COCK-A-DOODLE BOO!
942
_2
ddc